| 000 -LEADER |
| fixed length control field |
01960nam a22001697a 4500 |
| 008 - FIXED-LENGTH DATA ELEMENTS--GENERAL INFORMATION |
| fixed length control field |
200904b ||||| |||| 00| 0 eng d |
| 100 ## - MAIN ENTRY--PERSONAL NAME |
| Personal name |
Masood, Ayesha |
| 245 ## - TITLE STATEMENT |
| Title |
Speaking out: A postcolonial critique of the academic discourse on far-right populism |
| 260 ## - PUBLICATION, DISTRIBUTION, ETC. (IMPRINT) |
| Place of publication, distribution, etc |
Organization |
| 300 ## - PHYSICAL DESCRIPTION |
| Extent |
27(1), Jan 2019. p. 162-173 |
| 520 ## - SUMMARY, ETC. |
| Summary, etc |
Brexit and Trump’s victory in the United States has sparked renewed academic interest in far-right populism. However, this academic discourse remains remarkably orientalist in its tenor and rhetoric. The focus of academic debates remains restricted to dissecting the rise of far-right populism in the Global North West, while similar movements in Global South East remain largely ignored. We argue that the contemporary academic discourse about the far-right populism is based on the fundamental assumption that the ‘normal’ Global North West is becoming ‘abnormal,’ while the question of abnormality or lack thereof of the proverbial Orient is not taken up because in such othering discourse, the option of normality is foreclosed to the Global South East. Using the rise of the Bharatiya Janta Party in India as an example, we contend that far-right populist movements in the Global South East have developed and intersect with businesses and government in unique ways. The embrace of neoliberalism by the Indian far-right, a stark contrast to similar movements in the Global North West, further suggests that we might be witnessing a global reorientation of the capitalist order. Therefore, a comprehensive analysis of far-right populism must account for and pay attention to the heterogeneities of these movements across the Global North West and the Global South East. - Reproduced |
| 650 ## - SUBJECT ADDED ENTRY--TOPICAL TERM |
| Topical term or geographic name as entry element |
Bharatiya Janta Party, Far-right, India, Populism, Post-colonial |
| 9 (RLIN) |
17544 |
| 700 ## - ADDED ENTRY--PERSONAL NAME |
| Personal name |
Nisar, Muhammad Azfar |
| 9 (RLIN) |
17545 |
| 773 ## - HOST ITEM ENTRY |
| Main entry heading |
Organization |
| 906 ## - LOCAL DATA ELEMENT F, LDF (RLIN) |
| Subject DIP |
POLITICAL PARTIES - INDIA |
| 942 ## - ADDED ENTRY ELEMENTS (KOHA) |
| Item type |
Articles |